[Book Review: Gender-sensitive Budgeting (Contexts, Models and Practical Experiences)]

Recenzia knihy Rodovo citlivé rozpočtovanie (kontexty, modely a praktické skúsenosti)

Salvato in:
Dettagli Bibliografici
Autore principale: Kušnírová, Jana, 1977-
Natura: Capitolo di libro
Lingua:inglese
Soggetti:
Tags: Aggiungi Tag
Nessun Tag, puoi essere il primo ad aggiungerne!!

MARC

LEADER 00000naa a2200000 4500
001 0303575
005 20240814083941.9
041 0 |a eng 
044 |a SK 
245 1 0 |a [Book Review: Gender-sensitive Budgeting (Contexts, Models and Practical Experiences)]  |c Jana Kušnírová 
520 |a Recenzia knihy Rodovo citlivé rozpočtovanie (kontexty, modely a praktické skúsenosti) 
610 2 0 |a recenzie 
610 2 0 |a rozpočtovanie 
610 2 0 |a modely 
100 1 |a Kušnírová, Jana, 1977-